000
00298nam a22001337a 4500
008
181022b xxu||||| |||| 00| 0 eng d
020
_a
9780525950141
041
_a
eng
080
_a
321
100
_a
21
101
_a
POL
245
_a
Inisde The Political Attack
_c
Bowen.M
942
_2
udc
_c
BK
999
_c
50448
_d
50448